000 00410 a2200157 4500
001 163158
020 _a
040 _cMagnum
100 _aRoque, Anibal
240 1 0 _aO escultor da felicidade / um intruso lobisomem na noite de natal
_lpor
245 1 0 _aO escultor da felicidade / um intruso lobisomem na noite de natal
300 _a31
362 0 _a1995
697 _aLITERATURA JUVENIL
942 _cBK
999 _c163158
_d163158